00645nam a2200193Ia 4500001001000000003000500010008004100015010001100056040000900067082002000076100002300096245005100119260003400170300004500204440001600249500004600265650010800311710003200419Para_8591CHAP220125s1923 xx 000 0 und d a207402 cCHAP aPA-C 595.752 A6 aTakahashi, Ryoichi aAphididae of Formosa /c by Ryoichi Takahashi aFormosa :b Institute Taihoku a1 v. partes 2-6, 1923, 1924, 1925, 1931. aAphidae; 25 aEncuadernado con otros impresos similares ax Afididos x Colecciones de escritos x Afididos x Identificación x Afididos x clasificación aInstitute Taihoku (Japón)